| 000 | 00873nam a2200241Ia 4500 | ||
|---|---|---|---|
| 003 | OSt | ||
| 005 | 20220923221652.0 | ||
| 006 | a|||||r|||| 00| 0 | ||
| 007 | ta | ||
| 008 | 220922b |||||||| |||| 00| 0 hin d | ||
| 024 | _a199,205 | ||
| 037 | _cTextual | ||
| 040 |
_aARTS _cARTS _bhin |
||
| 041 |
_2hin _ahin |
||
| 082 | _aP44a494,12, 152M3 | ||
| 100 | _aदुआ, हंसराज | ||
| 245 | 0 | _aभारतीय भाषाओं पर शोध की वर्गीकृत राज्य ग्रंथसूची | |
| 246 | _aBhāratīya bhāṣhāoan par shodh kī vargīkṛut rājya granthasūchī | ||
| 260 |
_aमैसूर _b भारतीय भाषा संस्थान _c1983 |
||
| 300 |
_a540i`- _ccm. |
||
| 942 |
_hP44a494,12, 152M3 _cTEXL _2CC |
||
| 999 |
_c350980 _d350980 |
||